Vista normal Vista MARC

Entrada Personal Name

Número de registros utilizados en: 12

001 - CONTROL NUMBER

  • control field: 8170

003 - CONTROL NUMBER IDENTIFIER

  • control field: OSt

005 - DATE AND TIME OF LATEST TRANSACTION

  • control field: 20200730125620.0

008 - FIXED-LENGTH DATA ELEMENTS

  • fixed length control field: 200730|| aca||aabn | a|a d

040 ## - CATALOGING SOURCE

  • Original cataloging agency: OSt
  • Transcribing agency: OSt

100 ## - HEADING--PERSONAL NAME

  • Personal name: Henao Hidrón, Javier

670 ## - SOURCE DATA FOUND

  • Source citation: Work cat.: (OSt)5878: Henao Hidrón, Javier, autor, Constitución Política de Colombia (comentada) / , 2014